Central Library OPAC University of Rajshahi

Cities, poverty and development : (Record no. 57484)

MARC details
000 -LEADER
fixed length control field 01111nam a2200313 a 4500
001 - CONTROL NUMBER
control field 57484
003 - CONTROL NUMBER IDENTIFIER
rucl marc code BD-RjUL
005 - DATE AND TIME OF LATEST TRANSACTION
control field 20211209080523.0
008 - FIXED-LENGTH DATA ELEMENTS--GENERAL INFORMATION
fixed length control field 101216c19841982enka b 001 0 eng
020 ## - INTERNATIONAL STANDARD BOOK NUMBER
International Standard Book Number 0198740840
Terms of availability $12.50
International Standard Book Number 0198740832
Terms of availability $27.50
035 ## - SYSTEM CONTROL NUMBER
System control number (BD-RjUL) 57608
040 ## - CATALOGING SOURCE
Original cataloging agency LC
Language of cataloging eng
Transcribing agency LC
Modifying agency XNTU
-- BD-RjUL
041 ## - LANGUAGE CODE
Language code of text/sound track or separate title eng
082 14 - DEWEY DECIMAL CLASSIFICATION NUMBER
Classification number 307.76091724
Edition number 23
Author mark and year GIC 1984
100 1# - MAIN ENTRY--PERSONAL NAME
Personal name Gilbert, Alan,
Dates associated with a name 1944-
9 (RLIN) 170703
245 10 - TITLE STATEMENT
Title Cities, poverty and development :
Remainder of title urbanization in the Third World /
Statement of responsibility, etc. by Alan Gilbert and Josef Gugler.
260 ## - PUBLICATION, DISTRIBUTION, ETC. (IMPRINT)
Place of publication, distribution, etc. Oxford ;
-- New York :
Name of publisher, distributor, etc. Oxford University Press,
Date of publication, distribution, etc. c1981 [Reprinted 1984]
300 ## - PHYSICAL DESCRIPTION
Pagination viii, 246 p. :
Illustrations ill. ;
Size 25 cm.
500 ## - GENERAL NOTE
General note Includes indexes.
504 ## - BIBLIOGRAPHY, ETC. NOTE
Bibliography, etc Bibliography: p. [210]-235.
650 #0 - SUBJECT ADDED ENTRY--TOPICAL TERM
Topical term or geographic name as entry element Urbanization
Geographic subdivision Developing countries.
9 (RLIN) 170674
Topical term or geographic name as entry element Cities and towns
Geographic subdivision Developing countries
General subdivision Case studies.
9 (RLIN) 170704
Topical term or geographic name as entry element Housing
Geographic subdivision Developing countries.
9 (RLIN) 170705
Topical term or geographic name as entry element Poor
Geographic subdivision Developing countries.
9 (RLIN) 170706
Topical term or geographic name as entry element Sociology, Urban.
9 (RLIN) 170707
700 1# - ADDED ENTRY--PERSONAL NAME
Personal name Gugler, Josef.
942 ## - ADDED ENTRY ELEMENTS (KOHA)
Source of classification or shelving scheme Dewey Decimal Classification
Koha item type Books
Holdings
Lost status Source of classification or shelving scheme Damaged status Not for loan Collection code Permanent Location Current Location Shelving location Date acquired Source of acquisition Cost, normal purchase price Total Checkouts Full call number Date last seen Copy number Koha item type
  Dewey Decimal Classification   Not For Loan Non-fiction Central Library, University of Rajshahi Central Library, University of Rajshahi Reading Room 01/04/1986 Karim Int. 7.95   307.76091724 GIC 1984 10/12/2016 C-1 Books